[Event "11e Open International de La Fere"]
[Site "La Fere (FRA)"]
[Date "2012.07.09"]
[Round "3.42"]
[White "Sergent, Paul"]
[Black "Chevance, Gerard"]
[Result "1-0"]
[WhiteElo "1430"]
[BlackElo "1684"]
[PlyCount "49"]
[EventDate "2012.??.??"]

1. e4 d5 2. exd5 Qxd5 3. Nc3 Qa5 4. Nf3 Nf6 5. Bc4 e6 6. O-O Be7 7. d4 c6 8.
Bd2 Qc7 9. Bg5 O-O 10. Qd3 Nbd7 11. Rae1 Nb6 12. Bb3 Rd8 13. Ne4 Nfd5 14. c4
Nf4 15. Qe3 Bxg5 16. Nexg5 h6 17. Ne4 Nd7 18. Rd1 Nf8 19. Ne5 N8g6 20. Qg3 Nxe5
21. dxe5 b6 22. Nf6+ Kh8 23. Rxd8+ Qxd8 24. Rd1 Qc7 25. Ne8 1-0

[Event "11e Open International de La Fere"]
[Site "La Fere (FRA)"]
[Date "2012.07.09"]
[Round "3.43"]
[White "Chaignet, Lucas"]
[Black "Caloone, Thomas"]
[Result "1/2-1/2"]
[WhiteElo "1411"]
[BlackElo "1660"]
[PlyCount "52"]
[EventDate "2012.??.??"]

1. e4 d5 2. exd5 Nf6 3. d4 Bg4 4. Bb5+ Nbd7 5. f3 Bf5 6. Nc3 a6 7. Bd3 Bxd3 8.
Qxd3 Nb6 9. Nge2 Nbxd5 10. O-O e6 11. Nxd5 Nxd5 12. c4 Nb6 13. Bd2 Be7 14. b3
O-O 15. Bc3 Qd7 16. Rad1 Rfd8 17. Rfe1 Bf6 18. Nf4 c5 19. d5 exd5 20. Bxf6 gxf6
21. Nxd5 Nxd5 22. Qxd5 Qxd5 23. Rxd5 Rxd5 24. cxd5 Rd8 25. Rd1 Kf8 26. Kf2 Ke7
1/2-1/2

[Event "11e Open International de La Fere"]
[Site "La Fere (FRA)"]
[Date "2012.07.09"]
[Round "3.44"]
[White "Roux, Jean-Francois"]
[Black "Pierret, Paul"]
[Result "1-0"]
[WhiteElo "1656"]
[BlackElo "1449"]
[PlyCount "68"]
[EventDate "2012.??.??"]

1. d4 d5 2. c4 dxc4 3. Nf3 a6 4. a4 Bd7 5. Nc3 e6 6. e4 Be7 7. Bxc4 c6 8. O-O
c5 9. d5 exd5 10. Bxd5 Bc6 11. Ne5 Bxd5 12. Qxd5 Qxd5 13. Nxd5 Bd6 14. Nc4 Ne7
15. Nxd6+ Kd7 16. Nxf7 Rf8 17. Nb6+ Ke6 18. Ng5+ Kd6 19. Nxa8 h6 20. Rd1+ Kc6
21. Ne6 Nd7 22. Nxf8 Nxf8 23. Bf4 b6 24. Nc7 Nfg6 25. Rd6+ Kb7 26. Bg3 Nf8 27.
Nd5 Nc6 28. Rd1 a5 29. e5 h5 30. e6 Ng6 31. Rd7+ Ka6 32. e7 Ncxe7 33. Nxe7 Nf4
34. Nc8 b5 1-0

[Event "11e Open International de La Fere"]
[Site "La Fere (FRA)"]
[Date "2012.07.09"]
[Round "3.45"]
[White "Herman, Jose"]
[Black "Degraeve, Thomas"]
[Result "0-1"]
[WhiteElo "1641"]
[BlackElo "1432"]
[PlyCount "75"]
[EventDate "2012.??.??"]

1. d4 Nf6 2. c4 e6 3. Nc3 h6 4. Nf3 Bb4 5. e3 Nc6 6. Bd3 O-O 7. O-O d5 8. a3
Bxc3 9. bxc3 Bd7 10. Qc2 Re8 11. cxd5 exd5 12. Re1 Ne4 13. c4 Bf5 14. Bd2 dxc4
15. Qxc4 Nd6 16. Qc2 Bxd3 17. Qxd3 Ne7 18. Bb4 Nd5 19. Bxd6 Qxd6 20. Rec1 c6
21. Ne5 Nf6 22. Qc4 Qe6 23. Qb4 Re7 24. Rab1 Nd5 25. Qc5 Rc7 26. Qc4 Rac8 27.
Nd3 Qd6 28. Qc5 Qxc5 29. Rxc5 b6 30. Rc2 c5 31. e4 cxd4 32. Rxc7 Nxc7 33. Rc1
Kf8 34. Nb4 Ke8 35. Nd5 Kd7 36. Nf4 Ne6 37. Rxc8 Kxc8 38. Kf1 0-1

[Event "11e Open International de La Fere"]
[Site "La Fere (FRA)"]
[Date "2012.07.09"]
[Round "3.46"]
[White "Cretin, Stephane"]
[Black "Baillie, Andre"]
[Result "1-0"]
[WhiteElo "1640"]
[BlackElo "1418"]
[PlyCount "41"]
[EventDate "2012.??.??"]

1. e4 c6 2. d4 d5 3. Nc3 dxe4 4. Nxe4 Bf5 5. Ng3 Bg6 6. Nf3 h6 7. Bd3 Bxd3 8.
Qxd3 e6 9. Bf4 Bd6 10. Bxd6 Qxd6 11. O-O-O Nd7 12. Rhe1 Qf4+ 13. Kb1 Ngf6 14.
Qa3 h5 15. Ne2 Qf5 16. Nc3 Qf4 17. d5 Qc4 18. dxe6 fxe6 19. Rd4 Qc5 20. Rxe6+
Kf7 21. Rxd7+ 1-0

[Event "11e Open International de La Fere"]
[Site "La Fere (FRA)"]
[Date "2012.07.09"]
[Round "3.47"]
[White "Seven, Corentin"]
[Black "Fauchart, Francois"]
[Result "0-1"]
[WhiteElo "1400"]
[BlackElo "1639"]
[PlyCount "72"]
[EventDate "2012.??.??"]

1. e4 c5 2. Nf3 e6 3. Bc4 a6 4. Nc3 b5 5. Be2 Bb7 6. d3 Be7 7. Be3 Nf6 8. O-O
d6 9. b3 Nbd7 10. a3 O-O 11. b4 cxb4 12. axb4 Ng4 13. Bd2 Bf6 14. h3 Nge5 15.
Nxe5 Nxe5 16. Be3 Nc6 17. Na2 Bxa1 18. Qxa1 Rc8 19. Rc1 Qe7 20. c3 Rfd8 21. d4
d5 22. e5 f6 23. exf6 Qxf6 24. Bd3 e5 25. Rc2 exd4 26. cxd4 Ne7 27. Rxc8 Rxc8
28. Qd1 Nf5 29. Bd2 Nxd4 30. Qh5 g6 31. Qd1 Nf5 32. Nc1 d4 33. Ne2 Qc6 34. f3
Ne3 35. Bxe3 dxe3 36. h4 Qf6 0-1

[Event "11e Open International de La Fere"]
[Site "La Fere (FRA)"]
[Date "2012.07.09"]
[Round "3.48"]
[White "Marlein, Jacques"]
[Black "Bourgeois-Copigny, Yann"]
[Result "0-1"]
[WhiteElo "1620"]
[BlackElo "1370"]
[PlyCount "46"]
[EventDate "2012.??.??"]

1. e4 e6 2. d4 d5 3. exd5 exd5 4. Nf3 Bg4 5. Be2 Nf6 6. O-O Bd6 7. c3 a5 8. Be3
O-O 9. Nbd2 Nbd7 10. Qc2 h6 11. Rae1 c6 12. Bd3 b5 13. Bf5 Qc7 14. h3 Bxf5 15.
Qxf5 Rfe8 16. Re2 Ne4 17. Bxh6 g6 18. Qg4 Ndf6 19. Qh4 Re6 20. Rfe1 Rae8 21.
Nf1 Nh5 22. Bc1 Be7 23. Qg4 f5 0-1

[Event "11e Open International de La Fere"]
[Site "La Fere (FRA)"]
[Date "2012.07.09"]
[Round "3.49"]
[White "Tenot, Fabrice"]
[Black "Rossetti, Pierre-Yves"]
[Result "1-0"]
[WhiteElo "1620"]
[BlackElo "1360"]
[PlyCount "95"]
[EventDate "2012.??.??"]

1. c4 c5 2. Nc3 Nf6 3. g3 Nc6 4. Bg2 g6 5. Nf3 Bg7 6. O-O O-O 7. d3 d6 8. Ng5
Bd7 9. a3 h6 10. Nge4 Nxe4 11. Nxe4 Qc8 12. Rb1 Bh3 13. b4 cxb4 14. axb4 Bxg2
15. Kxg2 Nd4 16. e3 Ne6 17. Bb2 Bxb2 18. Rxb2 Qc6 19. f3 Qc8 20. Nc3 Ng5 21. g4
Qe6 22. Nd5 Rac8 23. b5 Qe5 24. Rff2 Qe6 25. Ra2 a6 26. bxa6 bxa6 27. h4 Nh7
28. Rxa6 Rc5 29. e4 Nf6 30. Nxf6+ Qxf6 31. Kg3 Qe5+ 32. Kg2 Qf4 33. Qd2 Qxd2
34. Rxd2 Rb8 35. Kf2 Kg7 36. Ke3 Kf6 37. Kf4 g5+ 38. hxg5+ hxg5+ 39. Ke3 Rb7
40. Rh2 Kg6 41. Ra8 Kg7 42. Rah8 Kf6 43. Rg8 Ke6 44. Rh6+ Kd7 45. Rh5 f6 46.
Rg7 Kc6 47. Rhh7 Kd7 48. Rxe7+ 1-0

[Event "11e Open International de La Fere"]
[Site "La Fere (FRA)"]
[Date "2012.07.09"]
[Round "3.50"]
[White "Siegfried, Francois"]
[Black "Brugge, Rodolphe"]
[Result "1/2-1/2"]
[WhiteElo "1270"]
[BlackElo "1547"]
[PlyCount "50"]
[EventDate "2012.??.??"]

1. d4 d5 2. c4 e6 3. e3 Nf6 4. Nf3 Nc6 5. Bd3 Bb4+ 6. Bd2 Bxd2+ 7. Nbxd2 O-O 8.
cxd5 exd5 9. O-O Re8 10. Rc1 Ne4 11. Bb1 Bg4 12. Nb3 Ng5 13. Nbd2 Ne4 14. Nb3
Ng5 15. Nbd2 Ne4 16. Nb3 Re6 17. a3 Rg6 18. Bd3 Bxf3 19. Qxf3 Qe7 20. Rc2 Qf6
21. Qxf6 Rxf6 22. Bxe4 dxe4 23. Nc5 b6 24. Nxe4 Re6 25. Nc3 Rd6 1/2-1/2

[Event "11e Open International de La Fere"]
[Site "La Fere (FRA)"]
[Date "2012.07.09"]
[Round "3.51"]
[White "Alloui-Cros, Alix"]
[Black "Dincq, Michel"]
[Result "1-0"]
[WhiteElo "1540"]
[BlackElo "1512"]
[PlyCount "59"]
[EventDate "2012.??.??"]

1. e4 c5 2. Nf3 e6 3. Nc3 Be7 4. d4 cxd4 5. Nxd4 a6 6. Be3 d6 7. Bc4 Nf6 8. f3
b5 9. Bb3 Bb7 10. O-O h6 11. Qd2 Nfd7 12. a3 Nb6 13. Qe2 N8d7 14. a4 Nc5 15.
axb5 Nxb3 16. Nxb3 O-O 17. bxa6 Bc6 18. Na5 Bd7 19. Nc4 Nxc4 20. Qxc4 Qb8 21.
Rfb1 Bb5 22. Qxb5 Qxb5 23. Nxb5 Rfc8 24. c3 Rc6 25. a7 d5 26. exd5 exd5 27. b4
Bd8 28. Rd1 Bb6 29. Bxb6 Rxb6 30. Nc7 1-0

[Event "11e Open International de La Fere"]
[Site "La Fere (FRA)"]
[Date "2012.07.09"]
[Round "4.2"]
[White "Georgiev, Vladimir"]
[Black "Mancini, Mario"]
[Result "1-0"]
[WhiteElo "2562"]
[BlackElo "2282"]
[PlyCount "111"]
[EventDate "2012.??.??"]

1. d4 Nf6 2. c4 e6 3. Nc3 Bb4 4. g3 O-O 5. Bg2 Bxc3+ 6. bxc3 d6 7. Nf3 Nc6 8.
O-O e5 9. c5 e4 10. Ng5 d5 11. f3 h6 12. fxe4 hxg5 13. Bxg5 dxe4 14. Rf4 Qd5
15. Bxf6 gxf6 16. Bxe4 Qg5 17. Qd3 Ne7 18. Qf3 f5 19. Bxb7 Bxb7 20. Qxb7 Ng6
21. Rf3 Rae8 22. Re1 f4 23. Qxc7 Re7 24. Qd6 Re6 25. Qc7 Rfe8 26. Kf1 Qg4 27.
Rf2 R6e7 28. Qd6 Qh3+ 29. Kg1 f3 30. Qf6 fxe2 31. d5 Qd7 32. d6 Re6 33. Qf5 Qb7
34. c6 Qxc6 35. Qxf7+ Kh8 36. d7 Rd8 37. Rf5 Qb6+ 38. Kg2 Qc6+ 39. Kh3 Nf4+ 40.
Rxf4 Rh6+ 41. Rh4 Rxh4+ 42. Kxh4 Rxd7 43. Qe8+ Kh7 44. Rxe2 Qf6+ 45. Kh3 Qf1+
46. Kh4 Qf6+ 47. Kh3 Qf1+ 48. Rg2 Qf5+ 49. g4 Rd3+ 50. Rg3 Qf1+ 51. Kh4 Qf6+
52. g5 Qf4+ 53. Kh5 Rxg3 54. g6+ Kg7 55. Qe7+ Kg8 56. Qf7+ 1-0

[Event "11e Open International de La Fere"]
[Site "La Fere (FRA)"]
[Date "2012.07.09"]
[Round "4.3"]
[White "Alloui-Cros, Baptiste"]
[Black "Jerez Perez, Alfonso"]
[Result "0-1"]
[WhiteElo "1695"]
[BlackElo "2407"]
[PlyCount "84"]
[EventDate "2012.??.??"]

1. d4 Nf6 2. Nc3 d5 3. e4 Nxe4 4. Nxe4 dxe4 5. Bc4 Bf5 6. f3 e6 7. fxe4 Qh4+ 8.
Kf1 Bxe4 9. Be3 Bd6 10. Nf3 Qf6 11. Bd3 Bxf3 12. gxf3 Bf4 13. Bf2 O-O 14. Bg3
Nc6 15. c3 e5 16. d5 Ne7 17. c4 Rad8 18. Kg2 c6 19. Bxf4 exf4 20. Qc2 cxd5 21.
Bxh7+ Kh8 22. Bd3 dxc4 23. Be4 Nd5 24. Bxd5 Rxd5 25. Rhe1 Rfd8 26. Re2 b5 27.
Rae1 g6 28. a4 a6 29. Kf1 Kg7 30. Re8 Rd2 31. Qc1 R8d3 32. R8e2 Rxf3+ 33. Kg1
Qd4+ 34. Kh1 Rfd3 35. Rxd2 Rxd2 36. Qc3 Qxc3 37. bxc3 f3 38. axb5 axb5 39. Rf1
b4 40. cxb4 c3 41. b5 c2 42. b6 Rd1 0-1

[Event "11e Open International de La Fere"]
[Site "La Fere (FRA)"]
[Date "2012.07.09"]
[Round "4.4"]
[White "Forthofer, Robert"]
[Black "Llaneza Vega, Patricia"]
[Result "0-1"]
[WhiteElo "2259"]
[BlackElo "2225"]
[PlyCount "60"]
[EventDate "2012.??.??"]

1. f4 d5 2. e3 c5 3. Nf3 Nc6 4. b3 Nf6 5. Bb2 Bg4 6. Be2 e6 7. O-O Be7 8. d3
Qb6 9. Ne5 Bxe2 10. Qxe2 O-O 11. Nd2 Nxe5 12. Bxe5 Nd7 13. Bb2 Bf6 14. Bxf6
Nxf6 15. Kh1 Rad8 16. Nf3 Qc7 17. Rad1 d4 18. e4 Ng4 19. Nxd4 Nxh2 20. Kxh2
cxd4 21. Rf2 Rd6 22. Rd2 e5 23. f5 Rh6+ 24. Kg1 Qe7 25. g4 Qg5 26. Qf3 Rc8 27.
Qg3 Qe3 28. Qxe5 Qe1+ 29. Kg2 Qh1+ 30. Kg3 Qh3+ 0-1

[Event "11e Open International de La Fere"]
[Site "La Fere (FRA)"]
[Date "2012.07.09"]
[Round "4.5"]
[White "Rusev, Krasimir"]
[Black "Jimenez, Martin"]
[Result "1-0"]
[WhiteElo "2540"]
[BlackElo "1953"]
[PlyCount "85"]
[EventDate "2012.??.??"]

1. d4 d5 2. Bf4 Nf6 3. e3 e6 4. Nd2 Bd6 5. Bg3 O-O 6. Bd3 b6 7. Qe2 Bb7 8. Ngf3
c5 9. c3 Ne4 10. O-O-O f5 11. Bxd6 Qxd6 12. Ne5 a5 13. f3 Nxd2 14. Rxd2 Nd7 15.
Nxd7 Qxd7 16. g4 c4 17. Bb1 b5 18. Qe1 Qe7 19. Rg2 b4 20. h4 Bc6 21. h5 bxc3
22. Qxc3 Qb4 23. Rhg1 Qxc3+ 24. bxc3 f4 25. Re1 fxe3 26. Rxe3 Bd7 27. Bc2 Rab8
28. Bd1 Rb6 29. Rb2 Rxb2 30. Kxb2 Rb8+ 31. Kc1 Kf7 32. f4 g6 33. Rh3 Kg7 34.
Rh2 Rb7 35. hxg6 hxg6 36. g5 Rb8 37. Rb2 Rxb2 38. Kxb2 Kf7 39. Ka3 Bb5 40. Ba4
Ba6 41. Bc6 Ke7 42. Ka4 Kd6 43. Be8 1-0

[Event "11e Open International de La Fere"]
[Site "La Fere (FRA)"]
[Date "2012.07.09"]
[Round "4.7"]
[White "Bardoux, Thierry"]
[Black "Cazacu, Gabriela"]
[Result "1/2-1/2"]
[WhiteElo "2157"]
[BlackElo "1814"]
[PlyCount "107"]
[EventDate "2012.??.??"]

1. d4 Nf6 2. Nf3 c5 3. e3 b6 4. Bd3 Bb7 5. Nbd2 g6 6. O-O Bg7 7. c3 O-O 8. Re1
d6 9. e4 a6 10. Qe2 b5 11. e5 dxe5 12. dxe5 Nd5 13. Ne4 Qb6 14. Neg5 c4 15. Bc2
f6 16. Nh3 Nd7 17. e6 Nc5 18. Nd4 Rad8 19. f4 f5 20. Ng5 Rf6 21. Kh1 Bc8 22.
Bd2 h6 23. Nf7 Re8 24. Qf3 Bxe6 25. Nxe6 Nxe6 26. Qxd5 Kxf7 27. Rad1 Rd8 28.
Qe5 Kg8 29. Be3 Qb7 30. Rxd8+ Nxd8 31. Bd4 Rf7 32. Qe3 Bxd4 33. Qxd4 Qc7 34.
Bd1 Nc6 35. Qd5 Kg7 36. Bf3 Rf6 37. h3 Qxf4 38. Qd7 Rd6 39. Qe8 Qg3 40. Rf1 Ne5
41. Qxe7+ Nf7 42. b3 Qe5 43. Qb7 cxb3 44. axb3 Kf6 45. c4 Qe7 46. Qa8 Qd8 47.
Qa7 Qd7 48. Qc5 Ne5 49. Bd5 bxc4 50. bxc4 Qd8 51. Rb1 g5 52. Qd4 Qa5 53. c5 Qa2
54. Rd1 1/2-1/2

[Event "11e Open International de La Fere"]
[Site "La Fere (FRA)"]
[Date "2012.07.09"]
[Round "4.8"]
[White "Koechler, Thomas"]
[Black "Feryn, Alexandre"]
[Result "0-1"]
[WhiteElo "1960"]
[BlackElo "2114"]
[PlyCount "72"]
[EventDate "2012.??.??"]

1. e4 c5 2. Nf3 d6 3. Bc4 e6 4. Nc3 a6 5. a4 Nf6 6. O-O Be7 7. d4 cxd4 8. Nxd4
O-O 9. Be3 b6 10. Qe2 Bb7 11. f3 Nbd7 12. Rfd1 Re8 13. Na2 Ne5 14. Bb3 Qc7 15.
Qf2 Bd8 16. Nc1 Rc8 17. Nd3 Ng6 18. Ne2 d5 19. exd5 Nxd5 20. Bd2 Bh4 21. g3 Bf6
22. Rac1 Rcd8 23. c4 Nde7 24. Bc3 e5 25. c5 b5 26. axb5 axb5 27. Ra1 Qc6 28.
Ne1 e4 29. Bxf6 gxf6 30. Rac1 Nf5 31. g4 exf3 32. Nc3 Nf4 33. Kh1 Nh3 34. Qf1
f2+ 35. Ng2 Ne3 36. Rxd8 Qxg2+ 0-1

[Event "11e Open International de La Fere"]
[Site "La Fere (FRA)"]
[Date "2012.07.09"]
[Round "4.9"]
[White "Feryn, Benjamin"]
[Black "Poulain, Andre"]
[Result "1-0"]
[WhiteElo "2112"]
[BlackElo "1806"]
[PlyCount "129"]
[EventDate "2012.??.??"]

1. e4 c5 2. Nf3 d6 3. d4 cxd4 4. Nxd4 Nf6 5. Nc3 a6 6. Bg5 e6 7. Qd2 Nbd7 8.
O-O-O Be7 9. f4 Qc7 10. Be2 b5 11. Bf3 Bb7 12. Rhe1 Rc8 13. e5 dxe5 14. fxe5
Bxf3 15. Nxf3 b4 16. Ne4 Nxe4 17. Rxe4 Bxg5 18. Nxg5 O-O 19. Qe2 a5 20. Rd2 h6
21. Nf3 Nb6 22. g4 Nd5 23. g5 h5 24. Nd4 g6 25. Nb5 Qc5 26. Nd6 Qg1+ 27. Qe1
Qxe1+ 28. Rxe1 Rc7 29. Rf2 Nb6 30. b3 Nd5 31. Kb2 Ne7 32. a3 Rc5 33. Ne4 Rc7
34. Nf6+ Kg7 35. Re4 Rb8 36. axb4 axb4 37. Rxb4 Rxb4 38. Ne8+ Kf8 39. Nxc7 Re4
40. Nxe6+ Kg8 41. Nd8 Nf5 42. Nc6 Rg4 43. b4 Rxg5 44. b5 Ne3 45. Kb3 Nd5 46.
Kc4 Nb6+ 47. Kc5 Nd7+ 48. Kd6 Nb6 49. Kc7 Nd5+ 50. Kb7 Rg4 51. Rd2 Nc3 52. b6
Na4 53. Kc7 Nxb6 54. Kxb6 h4 55. c3 g5 56. Kb5 Re4 57. c4 g4 58. c5 h3 59. Ne7+
Kf8 60. Nf5 Kg8 61. Kb6 Rxe5 62. Nh6+ Kg7 63. Nxg4 Rg5 64. Ne3 f5 65. Rf2 1-0

[Event "11e Open International de La Fere"]
[Site "La Fere (FRA)"]
[Date "2012.07.09"]
[Round "4.10"]
[White "Urbaniak, Patrick"]
[Black "Dumas, Victor"]
[Result "0-1"]
[WhiteElo "1918"]
[BlackElo "2064"]
[PlyCount "82"]
[EventDate "2012.??.??"]

1. c4 e6 2. Nc3 d5 3. cxd5 exd5 4. g3 Nf6 5. Bg2 c5 6. d4 Nc6 7. Nf3 Be7 8. O-O
O-O 9. dxc5 d4 10. Na4 Bf5 11. a3 Be4 12. b4 Qd5 13. Bf4 g5 14. b5 Na5 15. Bd2
Nb3 16. Bb4 Nxa1 17. Qxa1 Rfd8 18. Rc1 Rac8 19. Qb2 h6 20. Rd1 Qc4 21. Nxd4
Bxg2 22. Kxg2 Ne4 23. e3 Nxc5 24. Nc3 Nd3 25. Qa1 Nxb4 26. Nf5 Bf6 27. Nxh6+
Kh7 28. Rxd8 Rxd8 29. Nxf7 Qxf7 30. axb4 Qc4 31. Qb1+ Qd3 32. Qxd3+ Rxd3 33.
Ne4 Ra3 34. Kf3 Rb3 35. Kg4 Rxb4 36. Kf5 Rxb5+ 37. Ke6 Bg7 38. f4 gxf4 39. exf4
a5 40. f5 Bb2 41. g4 Re5+ 0-1

[Event "11e Open International de La Fere"]
[Site "La Fere (FRA)"]
[Date "2012.07.09"]
[Round "4.11"]
[White "Barbaut, Michel"]
[Black "Brobecker, Alain"]
[Result "1-0"]
[WhiteElo "2032"]
[BlackElo "1793"]
[PlyCount "21"]
[EventDate "2012.??.??"]

1. e4 d5 2. d4 dxe4 3. Nc3 Bf5 4. f3 Nf6 5. fxe4 Nxe4 6. Qf3 Nd6 7. Bf4 Bxc2 8.
Rc1 Bg6 9. Bxd6 Qxd6 10. Qxb7 Qb6 11. Qc8# 1-0

[Event "11e Open International de La Fere"]
[Site "La Fere (FRA)"]
[Date "2012.07.09"]
[Round "4.12"]
[White "Picart, Alban"]
[Black "Thomas, Olivier"]
[Result "1/2-1/2"]
[WhiteElo "1820"]
[BlackElo "1998"]
[PlyCount "138"]
[EventDate "2012.??.??"]

1. e4 c5 2. Bc4 e6 3. c3 Qg5 4. g3 Qg6 5. Qe2 Nc6 6. f4 f5 7. d3 b6 8. Nf3 Be7
9. Bb3 Bb7 10. Bc2 Nh6 11. Na3 O-O 12. Nc4 b5 13. Ne3 Ng4 14. Ng2 Nh6 15. Rg1
d5 16. e5 b4 17. d4 Qe8 18. h3 bxc3 19. bxc3 cxd4 20. cxd4 Nb4 21. Kf2 Ba6 22.
Qd2 Nxc2 23. Qxc2 Rc8 24. Qb2 Qa4 25. Qb3 Qd7 26. Nge1 Rb8 27. Qd1 Qb5 28. g4
Rfc8 29. g5 Nf7 30. g6 hxg6 31. Rxg6 Qf1+ 32. Kg3 Nd8 33. Qa4 Rc6 34. Ba3 Bxa3
35. Qxa3 Kf7 36. Rg5 Qe2 37. Kh4 Qb2 38. Qxb2 Rxb2 39. Rg2 Rxg2 40. Nxg2 Bc4
41. Nge1 Rb6 42. Kh5 Rb2 43. a3 Rb3 44. Ng5+ Kg8 45. Kh4 Kf8 46. Kh5 Bb5 47.
Kg6 Kg8 48. Kh5 Nf7 49. Nxe6 Rxh3+ 50. Kg6 Rh6+ 51. Kxf5 Bd7 52. Kg4 Rxe6 53.
f5 Nh6+ 54. Kg5 Rb6 55. e6 Bxe6 56. fxe6 Rxe6 57. Rb1 Nf7+ 58. Kf5 Rf6+ 59. Kg4
Ra6 60. Nc2 Nd6 61. Kf4 Nc4 62. Rb3 Re6 63. Rb7 Re4+ 64. Kf3 Nxa3 65. Nxa3 Rxd4
66. Rxa7 Kh7 67. Ke3 Rb4 68. Nc2 Re4+ 69. Kf3 Rh4 1/2-1/2

[Event "11e Open International de La Fere"]
[Site "La Fere (FRA)"]
[Date "2012.07.09"]
[Round "4.13"]
[White "Casier, Fabrice"]
[Black "Derigny, Philippe"]
[Result "0-1"]
[WhiteElo "1769"]
[BlackElo "1977"]
[PlyCount "66"]
[EventDate "2012.??.??"]

1. c4 e5 2. Nc3 d6 3. g3 f5 4. d3 Nf6 5. Bg2 c6 6. e4 Be7 7. Nge2 O-O 8. O-O
Na6 9. d4 fxe4 10. dxe5 dxe5 11. Nxe4 Nxe4 12. Qxd8 Rxd8 13. Bxe4 Nc5 14. Nc3
Nxe4 15. Nxe4 Rd4 16. Re1 Bf5 17. Nc3 Bf6 18. b3 Rad8 19. Be3 Rd3 20. Na4 e4
21. Rac1 b6 22. h4 h6 23. Bf4 Bd4 24. Kg2 h5 25. Red1 Bf6 26. Rxd3 Rxd3 27. Bb8
Rd7 28. Bf4 Bg4 29. Be3 Bf3+ 30. Kh2 Rd3 31. Re1 Kf7 32. Bc1 Bd4 33. a3 Bxf2
0-1

[Event "11e Open International de La Fere"]
[Site "La Fere (FRA)"]
[Date "2012.07.09"]
[Round "4.14"]
[White "Mestdagh, Franck"]
[Black "Paillard, Maximilien"]
[Result "1-0"]
[WhiteElo "1975"]
[BlackElo "1741"]
[PlyCount "65"]
[EventDate "2012.??.??"]

1. e4 Nc6 2. Nf3 d6 3. h3 g6 4. d4 Bg7 5. Be3 Nf6 6. Nc3 O-O 7. Qd2 Re8 8.
O-O-O a5 9. Bb5 Nd7 10. e5 Nb4 11. e6 fxe6 12. Ng5 Nf6 13. Bxe8 Qxe8 14. a3
Nbd5 15. Rhe1 b5 16. Nxd5 exd5 17. Bf4 b4 18. Qe3 Qc6 19. g4 Bd7 20. Rd3 Re8
21. Ne6 Qc4 22. Kb1 Ne4 23. Nxg7 Kxg7 24. f3 Nf6 25. h4 c5 26. dxc5 dxc5 27. b3
Qb5 28. a4 Qc6 29. Qe5 c4 30. Rd2 Kf7 31. h5 Rc8 32. Qxe7+ Kg8 33. Bh6 1-0

[Event "11e Open International de La Fere"]
[Site "La Fere (FRA)"]
[Date "2012.07.09"]
[Round "4.15"]
[White "Vandervorst, Marc"]
[Black "Lebret, Loriane"]
[Result "1-0"]
[WhiteElo "1833"]
[BlackElo "1655"]
[PlyCount "51"]
[EventDate "2012.??.??"]

1. e4 e5 2. Nf3 Nf6 3. Nc3 Nc6 4. d4 exd4 5. Nxd4 Bc5 6. Nxc6 dxc6 7. Qxd8+
Kxd8 8. Bg5 Be7 9. Bc4 Ke8 10. O-O Ng4 11. Bf4 Bd6 12. e5 Bc5 13. Ne4 Bb6 14.
h3 Nh6 15. Ng5 Bf5 16. c3 Ke7 17. e6 fxe6 18. Nxe6 Kf6 19. Rae1 Rhe8 20. Bg5+
Kg6 21. h4 Bxe6 22. Bxe6 Nf7 23. Bf4 Kf6 24. Bb3 h6 25. Be3 Bxe3 26. fxe3+ 1-0

[Event "11e Open International de La Fere"]
[Site "La Fere (FRA)"]
[Date "2012.07.09"]
[Round "4.16"]
[White "Fauchart, Francois"]
[Black "Waquet, Frederic"]
[Result "0-1"]
[WhiteElo "1639"]
[BlackElo "1966"]
[PlyCount "52"]
[EventDate "2012.??.??"]

1. d4 Nf6 2. Nf3 c5 3. c3 b6 4. Bf4 e6 5. h3 Bb7 6. Nbd2 Be7 7. e3 O-O 8. Be2
d6 9. O-O Nbd7 10. Nc4 Ne4 11. Bd3 f5 12. Bxe4 fxe4 13. Nfd2 Nf6 14. Re1 b5 15.
Na3 a6 16. Qb3 c4 17. Qd1 Qe8 18. g4 Qg6 19. Kh2 h5 20. g5 Nd5 21. Bg3 Bxg5 22.
Rf1 Be7 23. h4 Nf6 24. Nc2 Ng4+ 25. Kg2 Bxh4 26. Qe2 Nxf2 0-1

[Event "11e Open International de La Fere"]
[Site "La Fere (FRA)"]
[Date "2012.07.09"]
[Round "4.17"]
[White "Obert, Julien"]
[Black "Tenot, Fabrice"]
[Result "1-0"]
[WhiteElo "1810"]
[BlackElo "1620"]
[PlyCount "29"]
[EventDate "2012.??.??"]

1. e4 e5 2. Nf3 Nf6 3. Nxe5 d6 4. Nf3 Nxe4 5. Nc3 Nxc3 6. dxc3 Be7 7. Be3 Nc6
8. Qd2 O-O 9. O-O-O Ne5 10. h4 Nxf3 11. gxf3 Bxh4 12. Bd3 f5 13. Rdg1 d5 14.
Bd4 g5 15. Rxh4 1-0

[Event "11e Open International de La Fere"]
[Site "La Fere (FRA)"]
[Date "2012.07.09"]
[Round "4.18"]
[White "Galoppa, Ludovic"]
[Black "Gomes, Alexis"]
[Result "0-1"]
[WhiteElo "1799"]
[BlackElo "1607"]
[PlyCount "106"]
[EventDate "2012.??.??"]

1. c4 Nf6 2. d4 e6 3. Nc3 Bb4 4. g3 Nc6 5. Bg2 d5 6. c5 Ne4 7. Qd3 O-O 8. a3
Bxc3+ 9. bxc3 e5 10. e3 Bf5 11. Ne2 Nxg3 12. Qd1 Nxh1 13. Bxh1 Bg4 14. Qb3 e4
15. Qa2 Na5 16. Nf4 c6 17. h3 Qh4 18. Bg2 Bf3 19. Bf1 g5 20. Ne2 Nc4 21. Ng3 g4
22. hxg4 Bxg4 23. Bxc4 dxc4 24. Qxc4 Qh2 25. Qf1 Bf3 26. Bb2 h5 27. Kd2 h4 28.
Nf5 Kh7 29. Qg1 Qxg1 30. Rxg1 Rg8 31. Rxg8 Rxg8 32. Nxh4 Rg1 33. Nxf3 exf3 34.
e4 Rf1 35. Bc1 Rxf2+ 36. Ke1 Rc2 37. Be3 Kg7 38. Kf1 Kf6 39. d5 cxd5 40. exd5
Ke7 41. c6 bxc6 42. dxc6 Kd6 43. c7 Kxc7 44. Bxa7 Rxc3 45. a4 Rc2 46. a5 Ra2
47. Bb6+ Kd6 48. Bd8 Kd5 49. Bb6 Ke4 50. Bd8 Kf4 51. Bc7+ Kg4 52. Ke1 f5 53.
Bb6 Kg3 0-1

[Event "11e Open International de La Fere"]
[Site "La Fere (FRA)"]
[Date "2012.07.09"]
[Round "4.19"]
[White "De Brouwere, Johan"]
[Black "Van Poucke, Anthony"]
[Result "1/2-1/2"]
[WhiteElo "1786"]
[BlackElo "1611"]
[PlyCount "63"]
[EventDate "2012.??.??"]

1. Nf3 d5 2. d4 Nf6 3. Bf4 e6 4. e3 Bd6 5. c3 O-O 6. Nbd2 Nc6 7. Ne5 Bxe5 8.
Bxe5 Nxe5 9. dxe5 Nd7 10. Nf3 b6 11. Bd3 Bb7 12. Qc2 g6 13. h4 Kg7 14. h5 c5
15. hxg6 hxg6 16. O-O-O c4 17. Be2 Nc5 18. Bxc4 dxc4 19. Rxd8 Raxd8 20. Qe2 Be4
21. Nd4 Nd3+ 22. Kd2 Nxe5 23. f3 Bd3 24. Qf2 Rh8 25. Rxh8 Rxh8 26. Qg3 Nd7 27.
Qc7 Nc5 28. Qxa7 Rh2 29. Qxb6 Rxg2+ 30. Kc1 Rg1+ 31. Kd2 Rg2+ 32. Kc1 1/2-1/2

[Event "11e Open International de La Fere"]
[Site "La Fere (FRA)"]
[Date "2012.07.09"]
[Round "4.20"]
[White "Vekemans, Paul"]
[Black "Pruvost, Alain"]
[Result "0-1"]
[WhiteElo "1781"]
[BlackElo "1604"]
[PlyCount "94"]
[EventDate "2012.??.??"]

1. e4 c5 2. Nf3 Qa5 3. Nc3 Nc6 4. Be2 e6 5. O-O a6 6. d4 cxd4 7. Nxd4 b5 8. Nb3
Qc7 9. f4 Bb4 10. Qd3 Na5 11. Be3 Nxb3 12. cxb3 Bc5 13. Bxc5 Qxc5+ 14. Kh1 Qb6
15. Rad1 Ne7 16. f5 e5 17. Rf3 h5 18. Qd6 Qxd6 19. Rxd6 Bb7 20. f6 gxf6 21.
Rdxf6 b4 22. Nd5 Nxd5 23. exd5 Bxd5 24. Re3 Ke7 25. Rf5 d6 26. Bxh5 Rac8 27. h3
Rc1+ 28. Kh2 Rc2 29. Rg3 Rh7 30. Bf3 Bxf3 31. Rgxf3 Rxb2 32. Rf2 Rxf2 33. Rxf2
Rh6 34. g4 Rf6 35. Rc2 Kd7 36. Kg3 d5 37. g5 Rg6 38. h4 f6 39. Kg4 fxg5 40.
hxg5 e4 41. Kf5 Rg8 42. Kf6 e3 43. g6 Rf8+ 44. Kg7 Rf2 45. Rc1 e2 46. Re1 d4
47. Kg8 d3 0-1